[Event "GER-chT U14 Girls"]
[Site "Dittrichshuette"]
[Date "2004.12.27"]
[Round "1.3"]
[White "Sandrou, Tina"]
[Black "Starke, Sophia"]
[Result "1-0"]
[WhiteElo "1339"]
[BlackElo "914"]
[PlyCount "31"]
[EventDate "2004.12.27"]
[EventType "team"]
[EventRounds "6"]
[EventCountry "GER"]
[SourceTitle "EXT 2006"]
[Source "ChessBase"]
[SourceDate "2005.11.24"]
[SourceVersion "1"]
[SourceVersionDate "2005.11.24"]
[SourceQuality "1"]

1. e4 e5 2. Nf3 Nc6 3. Bc4 Nf6 4. d4 Nxe4 5. 0-0 exd4 6. Re1 Qe7 7. Ng5 g6 8. Rxe4 Qxe4 9. Nxe4 Bg7 10. Qe2 0-0 11. Bg5 d3 12. cxd3 Bxb2 13. Qxb2 Re8 14. Nf6+ Kf8 15. Nxe8 Kxe8 16. Qh8# 1-0